LEADER 01058nam0-22003251i-450- 001 990001488370403321 010 $a0-8218-2920-3 035 $a000148837 035 $aFED01000148837 035 $a(Aleph)000148837FED01 035 $a000148837 100 $a20011218d2001----km-y0itay50------ba 101 0 $aeng 102 $aUS 105 $aa---a---001yy 200 1 $aOscillating patterns in image processing and nonlinear evolution equations$ethe fifteenth Dean Jacqueline B. Lewis memorial lectures$fYves Meyer 210 $aProvidence, RI$cAmerican Mathematical Society$d2001 215 $ax, 122 p.$d26 cm 225 1 $aUniversity lecture series$v22$x1047-3998 610 0 $aEquazioni di evoluzione non lineari 676 $a515.353 700 1$aMeyer,$bYves$041129 801 0$aIT$bUNINA$gRICA$2UNIMARC 901 $aBK 912 $a990001488370403321 952 $aMAI-35-028$b18780$fMA1 959 $aMA1 962 $a35-02 996 $aOscillating patterns in image processing and nonlinear evolution equations$9377916 997 $aUNINA